O kultuře a úkolech

Enregistré dans:
Détails bibliographiques
Format: Livre
Langue:tchèque
Publié: Praha Ministerstvo informací a osvěty 1949
Tags: Ajouter un tag
Pas de tags, Soyez le premier à ajouter un tag!

MARC

LEADER 00000nam a2200000 4500
001 0314704
005 20260203122259.2
041 0 |a cze 
044 |a CZ 
245 1 0 |a O kultuře a úkolech  |c Klement Gottwald 
264 1 |a Praha  |b Ministerstvo informací a osvěty  |c 1949